• 首页
  • 本馆介绍
  • 公告通知
  • 最新文献
  • 馆藏检索
  • 电子资源
  • 读者导购
  • 参考咨询
  • 我的图书馆
  • 登录
  • 详细信息显示
  • 放入我的书架
  • 预约/预借图书
  • 作者相关作品
  • 分类相关作品
  • 丛书相关作品
  • 出版社相关作品

书目信息

  • 表格格式
  • 工作单格式
  • 卡片格式
题名:
变分法及有限元
    
 
作者: 钱伟长 著
分册: 上册  
出版信息: 北京   科学出版社  1980
页数: 608页
开本: 21cm
丛书名: 力学丛书
单 册:
中图分类: O176 , O241.82
科图分类:
主题词: 变分法 , 有限元
电子资源:
ISBN: 978-7-03-046896-3
000 00992oam2 2200301 450
001 0120161801242
005 20170418141634.73
010    @a978-7-03-046896-3@dCNY158.00
010    @a978-7-03-047058-4@dCNY4084.00(全33册)
100    @a20160321d1980 em y0chiy50 ea
101 0  @achi
102    @aCN@b110000
105    @aa z 001yy
106    @ar
200 1  @a变分法及有限元@9bian fen fa ji you xian yuan@h上册@f钱伟长著
210    @a北京@c科学出版社@d1980@h2016印
215    @a608页@c图@d21cm
225 2  @a力学丛书@e典藏版@v1
330    @a本书分上、下二册。上册为前九章,内容包括:变分法的基本理论;梁、板小挠度和大挠度的静力学、动力学问题;板的热弹性问题;弹性体小位移变形和大位移变形的静力学、动力学问题等。
333    @a科学研究人员
461  0 @12001 @a力学丛书@v1
606 0  @a变分法
606 0  @a有限元
690    @aO176@v5
690    @aO241.82@v5
701  0 @a钱伟长@9qian wei chang@4著
801  0 @aCN@b人天书店@c20160321
905    @b984479-81@dO176@e92:1@f3
    
    变分法及有限元.上册/钱伟长著.-北京:科学出版社,1980(2016印)
    608页:图;21cm.-(力学丛书:典藏版;1)
    使用对象:科学研究人员
    
    ISBN 978-7-03-046896-3:CNY158.00
    本书分上、下二册。上册为前九章,内容包括:变分法的基本理论;梁、板小挠度和大挠度的静力学、动力学问题;板的热弹性问题;弹性体小位移变形和大位移变形的静力学、动力学问题等。
●
相关链接 在E读中查询图书 在五车中查询图书 在当当中查询图书 在豆瓣中查询图书


正题名:变分法及有限元     索取号:O176/92:1         预约/预借

序号 登录号 条形码 馆藏地/架位号 状态 备注
1 984479   209844793   第二样本阅览室/ [索取号:O176/92:1] 在馆    
2 984480   209844800   密集书库-数信学院/ [索取号:O176/92:1] 在馆    
3 984481   209844819   第三借阅区/ [索取号:O176/92:1] 已借出,限还日期为2026.05.17
借出人:方浩  
 
欢迎您!
大连网信软件有限公司© 版权所有